Atomic Habits_English (Record no. 38142)

MARC details
000 -LEADER
fixed length control field 00824nam a22001817a 4500
020 ## - INTERNATIONAL STANDARD BOOK NUMBER
ISBN 978-1847941831
082 ## - DEWEY DECIMAL CLASSIFICATION NUMBER
Classification number 823 CLE
100 ## - MAIN ENTRY--AUTHOR NAME
Personal name James Clear
245 ## - TITLE STATEMENT
Title Atomic Habits_English
250 ## - EDITION STATEMENT
Edition statement 1
260 ## - PUBLICATION, DISTRIBUTION, ETC. (IMPRINT)
Name of publisher Penguin
Place of publication United Kingdom
Year of publication 2022
300 ## - PHYSICAL DESCRIPTION
Number of Pages Paperback ‏ : ‎ 320 pages
Other physical details Item Weight ‏ : ‎ 430 g Dimensions ‏ : ‎ 15.2 x 2.3 x 23.4 cm
520 ## - SUMMARY, ETC.
Summary, etc Atomic Habits by James Clear provides a framework for improving every day by 1% through small, consistent, "atomic" changes. It emphasizes building systems rather than focusing on goals, teaching that true change comes from the compound interest of daily actions, designed to make habits obvious, attractive, easy, and satisfying.
546 ## - LANGUAGE NOTE
Language note Language ‏ : ‎ English
650 ## - SUBJECT ADDED ENTRY--TOPICAL TERM
Topical Term GEN
942 ## - ADDED ENTRY ELEMENTS (KOHA)
Koha item type Text Book
952 ## - LOCATION AND ITEM INFORMATION (KOHA)
Damaged status
Not for loan
952 ## - LOCATION AND ITEM INFORMATION (KOHA)
Damaged status
Not for loan
Holdings
Withdrawn status Collection code Permanent Location Current Location Date acquired Source of acquisition Cost, normal purchase price Inventory number Full call number Accession Number Price effective from Koha item type
  GENERAL VAST Central Library VAST Central Library 28/11/2025 Minerva Books 899.00 90 823 CLE 38288 22/12/2025 Text Book
  GENERAL VAST Central Library VAST Central Library 28/11/2025 Minerva Books 899.00 90 823 CLE 38289 22/12/2025 Text Book